| 000 | 00835nam a22002411u 4500 | ||
|---|---|---|---|
| 001 | 07273 | ||
| 003 | HDC | ||
| 007 | cr bn ---aaaaa | ||
| 008 | 210127p9999 o d 00 engg | ||
| 040 | _aHDC | ||
| 245 | 0 |
_aIslamic Tourism In The OIC Countries: Prospects And Challenges / by _cMaedeh Bon |
|
| 260 |
_a[No Place] : _b[publisher not identified], _c[no year] |
||
| 300 |
_a12 pages : _billustrations |
||
| 336 |
_atext _2rdacontent |
||
| 337 |
_acomputer _2rdamedia |
||
| 338 |
_aonline resource _2rdacarrier |
||
| 650 |
_aeconomic and social _97773 |
||
| 650 |
_aIslamic tourism _9786 |
||
| 856 | _zRequest full-text at [email protected] | ||
| 942 | _2lcc | ||
| 942 | _cSLIDE | ||
| 942 | _kSLID 000256 | ||
| 999 |
_c4597 _d4597 |
||